Quantum Physics

Enregistré dans:
Détails bibliographiques
Auteur principal: JAIN, V.K
Format: Livre
Langue:anglais
Publié: Ane Books 2019
Tags: Ajouter un tag
Pas de tags, Soyez le premier à ajouter un tag!

MARC

LEADER 00000nam a22000007a 4500
008 211020b ||||| |||| 00| 0 eng d
020 |a 9789385462573 
100 |a JAIN, V.K. 
245 |a Quantum Physics  |c V. K. Jain  |g 304p. 
260 |b Ane Books  |c 2019  |h New Delhi  |i 696976  |l QC 174.12. J19  |m Quantum Physics  |m Quantum theory 
500 |a It includes illustration and bibliography 
942 |a lcc  |c BK  |e Adeyeye Y. S  |f 20/10/21 
952 |0 0  |1 0  |2 lcc  |4 0  |6 QC017412 J19  |7 0  |9 3639  |a HOL  |b HOL  |c QZ  |d 2021-10-20  |l 0  |o QC 174 .12.J19  |p 2021-67375  |r 2021-10-20 00:00:00  |w 2021-10-20  |y BK 
999 |c 1804  |d 1804